00327pab a2200121 454500008004000000100001900040245006700059260000900126300001100135362000900146650002500155773002500180180718b1987 xxu||||| |||| 00| 0 eng d aMarenin, Otwin aThe Nigerian state as process and managerbA conceptualization c1987 a215-32 aJan. aNigeria - Government aComparative Politics